000 00778nam a22002417a 4500
005 20251108164830.0
008 250721s1988 xx 000 0 ara d
082 1 4 _a371.3/جود
100 1 _aسعادة، جودت أحمد
245 1 0 _aتدريس مفاهيم اللغة العربية و الرياضيات و العلوم و التربية الإجتماعية /
264 1 _aبيروت :
_bدار الجيل،
_c1988.
300 _a535ص
650 1 7 _aالتدريس
650 1 7 _aاللغة العربية
650 1 7 _aالتعلم
650 1 7 _aالتربية
650 1 7 _aتدريس الرياضيات
650 1 7 _aالدراسات
650 1 7 _aالتدريس
700 1 _aاليوسف، جمال يعقوب
942 _2ddc
_cBK
999 _c15432
_d15432